Ile wiesz o polskiej polityce? - Statystyki

Ogólne statystyki
  • Ten quiz został rozwiązany 141 razy
  • Średni wynik to 7 z 10
Statystyki odpowiedzi
Pytanie Odpowiedź % Poprawnych
Rozwiniecie skrótu PiS Prawo i Sprawiedliwość
97%
Premier RP w latach 2017-2023 Mateusz Morawiecki
96%
Poseł, który w 2023 roku zasłynął ze zgaszenia świec chanukowych w sejmie Grzegorz Braun
95%
Najdłużej sprawujący urząd premiera człowiek w historii III RP Donald Tusk
91%
Pierwszy prezydent RP wybrany przez Zgromadzenie Narodowe Wojciech Jaruzelski
80%
Polityk, który w 2011 stracił życie w podejrzanych okolicznościach Andrzej Lepper
78%
Komitet wyborczy, który w wyborach do europarlamentu w 2024 po raz pierwszy w swojej historii zajął miejsce na podium z wynikiem 12,08% Konfederacja
71%
Pierwszy demokratycznie wybrany premier III RP Tadeusz Mazowiecki
65%
Kandydat na prezydenta, który w 1990 sensacyjnie dostał się do drugiej tury i zdobył w niej 25,75% Stanisław Tymiński
42%
Pierwsza partia założona przez Donalda Tuska Kongres Liberalno-Demokratyczny
23%
Nie znaleziono quizów pasujących do podanych kryteriów
Rozkład punktacji
Procent ludzi z każdym wynikiem
Percentyl według liczby udzielonych odpowiedzi
Twoja historia wyników
Nie rozwiązałeś tego quizu